00789nam a2200241Ia 450000100060000000300090000600800410001504000130005604000130006904100120008210000170009410000290011124500530014024500730019325000110026626000110027726000200028826000490030830000570035750000670041465000350048165000310051622975IT-RoPAU130308s9999 xx 000 0 und d aIT-RoPAU cIT-RoPAU aINGLESE aCohen Philip gCodice Aut. SPICS: 6164 aSubcultural Conflict and Working-Class Community bCulture, Media, Language-Working Papers in Cultural Studies, 1972-79 a2a ed. aLONDON bHutchinson & C. c1981 [1° Ed.:1980 - Ed.Ling.Originale:1980] a"10 p. (prefazione: no ; testo: 10 [pagine: 78-87])" aConflitto Sottoculturale e Comunità€ della classe Lavoratrice aSAGGI DI COMUNICAZIONE SOCIALE eCodice materia Spics: 3807